პარიზის საერთაშორისო კოლოკვიუმი : (ბიბ.ჩანაწერი № 59849)
[ მარტივი ფორმატი ]
| 000 -ლიდერი | |
|---|---|
| ფიქსირებული სიგრძის საკონტროლო ველი | 01332nam a22002297a 4500 |
| 003 - საკონტროლო ნომრის იდენტიფიკატორი | |
| საკონტროლო ველი | Ge_BSU |
| 005 - ბოლო ოპერაციის თარიღი და დრო | |
| საკონტროლო ველი | 20230428113701.0 |
| 008 - ფიქსირებული სიგრძის მონაცემთა ელემენტები - ზოგადი ინფორმაცია | |
| ფიქსირებული სიგრძის საკონტროლო ველი | 230428s2000 ge ||||| |||| 00| 0 geo d |
| 020 ## - წიგნის საერთაშორისო სტანდარტული ნომერი | |
| International Standard Book Number | 9992877626 |
| 041 ## - ენის კოდი | |
| Language code of text/sound track or separate title | geo |
| 080 ## - უნივერსალური ათობითი კლასიფიკაციის ინდექსი | |
| Universal Decimal Classification number | 94(479.22)+ 008.1(479.22:44) ბ-19 |
| 245 ## - ცნობა სათაურის შესახებ | |
| Title | პარიზის საერთაშორისო კოლოკვიუმი : |
| Remainder of title | მასალები : [კრებული] / |
| Statement of responsibility, etc | რედ.: ნათელა ლაღიძე, გივი სიდამონიძე. |
| 264 ## - წარმოების, გამოცემის, დისტრიბუციის და სხვა ცნობები | |
| გამოცემის, წარმოების, დისტრიბუციის... ადგილი | თბილისი : |
| გამოცემის, წარმოების, დისტრიბუციის... სახელწოდება | თბილ. უნ-ტის გამ-ბა, |
| გამოცემის, წარმოების, დისტრიბუციის... თარიღი | 2000. |
| 300 ## - ფიზიკური აღწერა | |
| Extent | 122გვ. ; |
| Other physical details | 20სმ. |
| 500 ## - ზოგადი შენიშვნა | |
| General note | პარალ. თავფ. ფრანგ. ენ. ტექსტი ქართ. და ფრანგ. ენ. |
| 653 ## - INDEX TERM--UNCONTROLLED | |
| Uncontrolled term | საქართველო-საფრანგეთის ურთიერთობების ისტორია |
| 653 ## - INDEX TERM--UNCONTROLLED | |
| Uncontrolled term | ქართული კულტურა |
| 653 ## - INDEX TERM--UNCONTROLLED | |
| Uncontrolled term | ქართულ-ფრვნგული კულტურული ურთიერთობები |
| 700 ## - ADDED ENTRY--PERSONAL NAME | |
| Personal name | ლაღიძე, ნათელა |
| Relator term | რედაქტორი |
| 9 (RLIN) | 17855 |
| 700 ## - ADDED ENTRY--PERSONAL NAME | |
| Personal name | სიდამონიძე, გივი |
| Relator term | რედაქტორი |
| 9 (RLIN) | 17856 |
| 942 ## - ADDED ENTRY ELEMENTS (KOHA) | |
| Source of classification or shelving scheme | |
| Koha item type | წიგნი |
| ჩამოწერის სტატუსი | დაკარგული ეგზემპლარის სტატუსი | კლასიფიკაციის წყარო ან თაროზე გაწყობის სქემა | დაზიანების სტატუსი | არ გაიცემა | მუდმივი მდებარეობა (დაცვის ადგილი) | ამჟამინდელი ადგილსამყოფელი | თაროზე განთავსების ადგილი | შეძენის თარიღი | ღირებულება, შესყიდვის ნორმალური ფასი | სრული შენახვის შიფრი | შტრიხკოდი | ბოლო ოპერაციის თარიღი | ეგზემპლარის მიმდევრობითი ნომერი (კეტერი?) | ფასის ძალაში შესვლის თარიღი | ეგზემპლარის სახეობა | საჯარო შენიშვნა |
|---|---|---|---|---|---|---|---|---|---|---|---|---|---|---|---|---|
| ბათუმის შოთა რუსთაველის სახელმწიფო უნივერსიტეტის მთავარი ბიბლიოთეკა | ბათუმის შოთა რუსთაველის სახელმწიფო უნივერსიტეტის მთავარი ბიბლიოთეკა | წიგნსაცავი | 2023-04-28 | 5.00 | 94(479.22)+ 008.1(479.22:44) ბ-19 | 64301 | 2023-04-28 | 64301 | 2023-04-28 | წიგნი | 5 ლ. |
